000 00674nam a2200217 a 4500
001 000009747
003 DO-SdBNP
005 20240412074212.0
008 091001s1989 dr a 000 p spa d
040 _aDO-SdBNP
_bspa
_cBNPHU
082 _aRD861.44
_bB877m
100 1 _aBrown, Lucrecia C.
_924649
245 1 0 _aMi alma desnuda :
_bpensamientos /
_cLucrecia C. Brown ; prólogo Joaquín Balaguer.
260 _aSanto Domingo :
_bCorripio,
_c1989.
300 _a110 p. :
_bil. ;
_c24 cm.
590 _aInventariado, 2019/MFF
650 1 4 _aPoesía dominicana
_966
650 1 0 _aLiteratura dominicana.
_967
910 _aValidado. Control de calidad MFF
942 _2ddc
_cLBS1
999 _c9507
_d9507